DIFFERENTIAL CALCULUS (Record no. 32890)

MARC details
000 -LEADER
fixed length control field 00327nam a22001457a 4500
003 - CONTROL NUMBER IDENTIFIER
control field SGT
020 ## - INTERNATIONAL STANDARD BOOK NUMBER
International Standard Book Number 9788121904711
082 ## - DEWEY DECIMAL CLASSIFICATION NUMBER
Classification number 515.3
Item number NAR
100 ## - MAIN ENTRY--PERSONAL NAME
Personal name NARAYAN, SHANTI
245 ## - TITLE STATEMENT
Title DIFFERENTIAL CALCULUS
260 ## - PUBLICATION, DISTRIBUTION, ETC. (IMPRINT)
Place of publication, distribution, etc INDIA
Name of publisher, distributor, etc S.CHAND PUB.
Year of Publication 2025
300 ## - PAGE DESCRIPTION
No. of Pages 572
650 ## - SUBJECT ADDED ENTRY--TOPICAL TERM
Topical term or geographic name as entry element DIFFERENTIAL CALCULUS
942 ## - ADDED ENTRY ELEMENTS (KOHA)
Source of classification or shelving scheme Dewey Decimal Classification
Koha item type Books
Holdings
Withdrawn status Lost status Source of classification or shelving scheme Damaged status Not for loan Collection code Home library Current library Shelving location Date acquired Vendor Name Cost, normal purchase price SGTU Bill Number Full call number Accession No. (Barcode) Date last seen Bill Date Koha item type
    Dewey Decimal Classification   Not For Loan SCIENCE SGT Science & Social Sciences Library SGT Science & Social Sciences Library Reference Book 25/10/2025 ABC 625.00 SGTU 21749 515.3 NAR DP1682 25/10/2025 23/09/2025 Books